000 00984nac a22002897a 4500
001 BR8800447
003 BR-BrBNA
005 20240105120702.0
008 230509b bl.|||m| |||| 00| 0 por d
040 _aBR-BrBNA
_bpor
_cBiblioteca Nacional de Agricultura
072 _aF60; F61; F04
090 _a1740 BR8800447
100 1 _aColtri, M.L.
100 1 _aMiki, K.
110 1 _aUnidade de Execucao de Pesquisa de Ambito Estadual de Manaus, AM (Brasil)
_910369
245 1 _aBloqueio pela ureia, da bulbificacao precoce de seedlings de cebola (Allium cepa l.)na regiao de Manaus, Amazonas
260 3 _aManaus, AM (Brasil):
_c1987.
300 _a3 p.
490 _aPesquisa em Andamento - Unidade de Execucao de Pesquisa de Ambito Estadual de Manaus (Brazil)
_vno. 77
_x
650 _aCEBOLA
650 _aBULBO
650 _aBOTAO FLORAL
650 _aFOTOPERIODISMO
650 _aMANAUS
909 _a202312
_bLúcia Elande
_c55
_dLúcia Elande
942 _2AGRIS
_n0
_cMS
999 _c280886
_d280886